Which Countries Is Closest To... - Click Quiz - Statistics

General Stats
  • This quiz has been taken 41 times
  • The average score is 12 of 16
Answer Stats
Hint Answer % Correct
New Zealand Samoa
97%
Liechtenstein Italy
93%
Bulgaria Albania
90%
Estonia Finland
90%
Kazakhstan Georgia
87%
Guinea-Bissau Cape Verde
83%
Yemen Djibouti
80%
Angola Mozambique
80%
Belize Nicaragua
80%
Palau Philippines
80%
Laos Malaysia
77%
El Salvador Panama
77%
Chile Uruguay
73%
Cuba Venezuela
60%
Chad Tunisia
47%
Poland Comoros
30%
No matching quizzes found
Score Distribution
Percent of People with Each Score
Percentile by Number Answered
Your Score History
You have not taken this quiz